000 00412nam a22001577a 4500
999 _c9017
_d9017
003 OSt
008 200715b ||||| |||| 00| 0 eng d
020 _a9789387686052
100 _aMiniyar ,P.B.& Ilanga
245 _aPractical book of Pharmaceutical in Organic Chemistry
250 _a2019
260 _aNew Delhi
_bNirali
300 _aPg-37
650 _aPharmaceutical Organic Chemisty
942 _2ddc
_cBK
_01